<?xml version="1.0" encoding="UTF-8"?>
<record
    xmlns:xsi="http://www.w3.org/2001/XMLSchema-instance"
    xsi:schemaLocation="http://www.loc.gov/MARC21/slim http://www.loc.gov/standards/marcxml/schema/MARC21slim.xsd"
    xmlns="http://www.loc.gov/MARC21/slim">

  <leader>00188nam a2200085   4500</leader>
  <controlfield tag="001">1254959</controlfield>
  <controlfield tag="005">20251202103053.0</controlfield>
  <datafield tag="245" ind1=" " ind2=" ">
    <subfield code="a">YABAN</subfield>
    <subfield code="c">YAKUP KADR&#x130; KARAOSMANO&#x11E;LU</subfield>
  </datafield>
  <datafield tag="260" ind1=" " ind2=" ">
    <subfield code="b">&#x130;LET&#x130;&#x15E;&#x130;M</subfield>
  </datafield>
  <datafield tag="999" ind1=" " ind2=" ">
    <subfield code="c">1254959</subfield>
    <subfield code="d">1254959</subfield>
  </datafield>
  <datafield tag="952" ind1=" " ind2=" ">
    <subfield code="0">0</subfield>
    <subfield code="1">0</subfield>
    <subfield code="2">ddc</subfield>
    <subfield code="4">0</subfield>
    <subfield code="7">0</subfield>
    <subfield code="a">1093</subfield>
    <subfield code="b">1093</subfield>
    <subfield code="d">2025-12-02</subfield>
    <subfield code="l">0</subfield>
    <subfield code="o">O-3/35</subfield>
    <subfield code="p">10938773</subfield>
    <subfield code="r">2025-12-02 10:31:58</subfield>
    <subfield code="w">2025-12-02</subfield>
    <subfield code="y">BK</subfield>
  </datafield>
</record>
